000 00426nam a2200145 4500
999 _c122664
_d122664
005 20210619083224.0
008 210619b ||||| |||| 00| 0 eng d
040 _cPK-LaUMT
082 _a346.0095491
_bIRF-M
100 _aIrfan ul Haq Ch., Muhammad
245 _aManual of financial institutions laws /
_cby Muhammad Irfan ul Haq Ch.
260 _aLahore :
_bAl Haq Law Book Centre,
_c2021
300 _a599 p.
942 _cBK